AH International Schools' Libraries

Junie B. Jones and some sneacky peeky spying / (Record no. 48807)

MARC details
000 -LEADER
fixed length control field 00321nam a2200109 4500
020 ## - INTERNATIONAL STANDARD BOOK NUMBER
International Standard Book Number 9780679851011
100 ## - MAIN ENTRY--PERSONAL NAME
Personal name Park, Barbara
245 ## - TITLE STATEMENT
Title Junie B. Jones and some sneacky peeky spying /
Statement of responsibility, etc Barbara Park & Denise Brunkus
260 ## - PUBLICATION, DISTRIBUTION, ETC. (IMPRINT)
Place of publication, distribution, etc New York
Name of publisher, distributor, etc Random House
Date of publication, distribution, etc 19--
300 ## - PHYSICAL DESCRIPTION
Extent 66 p.
Other physical details col. ill.
Dimensions 20 cm.
942 ## - ADDED ENTRY ELEMENTS (KOHA)
Source of classification or shelving scheme
Koha item type Book
Holdings
Withdrawn status Lost status Source of classification or shelving scheme Damaged status Not for loan Collection code Home library Current library Shelving location Date acquired Total Checkouts Full call number Barcode Date last seen Price effective from Koha item type Public note
          TEACHERS' RESOURCES Asian Hope Early Years Library Asian Hope Early Years Library Junior Fiction 04/03/2025   CB FIC PAR 206855 04/03/2025 04/03/2025 Book YEAR 1 BOOK

For any Logos Library related questions please contact Miss Art at swongnarasuk@asianhope.org.

For any Asian Hope Library related questions please contact Miss Raza at graza@asianhope.org.

Powered by Koha